Pipework engineering and operation : (Record no. 145398)
[ view plain ]
| 000 -LEADER | |
|---|---|
| fixed length control field | 01702cam a2200337Ia 4500 |
| 001 - CONTROL NUMBER | |
| control field | ocm19407913 |
| 003 - CONTROL NUMBER IDENTIFIER | |
| control field | 0 |
| 005 - DATE AND TIME OF LATEST TRANSACTION | |
| control field | 20230123133243.0 |
| 008 - FIXED-LENGTH DATA ELEMENTS--GENERAL INFORMATION | |
| fixed length control field | 890321s1989 enka b 100 0 eng d |
| 020 ## - INTERNATIONAL STANDARD BOOK NUMBER | |
| International Standard Book Number | 085298684X |
| 035 ## - SYSTEM CONTROL NUMBER | |
| -- | H130 |
| 040 ## - CATALOGING SOURCE | |
| Original cataloging agency | EYG |
| Transcribing agency | NUST |
| Modifying agency | PIT |
| -- | IXA |
| -- | OCL |
| 049 ## - LOCAL HOLDINGS (OCLC) | |
| Holding library | MAIN |
| 090 ## - LOCALLY ASSIGNED LC-TYPE CALL NUMBER (OCLC); LOCAL CALL NUMBER (RLIN) | |
| Classification number (OCLC) (R) ; Classification number, CALL (RLIN) (NR) | TJ930 |
| 111 2# - MAIN ENTRY--MEETING NAME | |
| Meeting name or jurisdiction name as entry element | International Conference: Pipework Engineering and Operation |
| Date of meeting or treaty signing | (1989 : |
| Location of meeting | London, England) |
| 245 10 - TITLE STATEMENT | |
| Title | Pipework engineering and operation : |
| Remainder of title | Proceedings of the Institution of Mechanical Engineers 21-22 February 1989, Birdcage Walk, London / |
| Statement of responsibility, etc. | International Conference: Pipework Engineering and Operation ; sponsored by the Power Industries Division of the Institution of Mechanical Engineers ; co-sponsored by Institution of Chemical Engineers, Society of Petroleum Engineers. |
| 260 ## - PUBLICATION, DISTRIBUTION, ETC. | |
| Place of publication, distribution, etc. | Bury St. Edmunds, Suffolk : |
| Name of publisher, distributor, etc. | Published for the Institution of Mechanical Engineers by Mechanical Engineering Publications Limited, |
| Date of publication, distribution, etc. | c1989. |
| 300 ## - PHYSICAL DESCRIPTION | |
| Extent | 326 p. : |
| Other physical details | ill. ; |
| Dimensions | 30 cm. |
| 490 1# - SERIES STATEMENT | |
| Series statement | IMechE conference ; |
| Volume/sequential designation | 1989-1 |
| 500 ## - GENERAL NOTE | |
| General note | "MEP-319"--Label on leaf ff. cover. |
| 500 ## - GENERAL NOTE | |
| General note | "International Conference on 'Pipework Engineering and Operation', held during February 1989"--P. 4 of cover. |
| 504 ## - BIBLIOGRAPHY, ETC. NOTE | |
| Bibliography, etc. note | Includes bibliographical references. |
| 650 #0 - SUBJECT ADDED ENTRY--TOPICAL TERM | |
| Topical term or geographic name entry element | Pipe |
| General subdivision | Design and construction |
| Form subdivision | Congresses. |
| 710 2# - ADDED ENTRY--CORPORATE NAME | |
| Corporate name or jurisdiction name as entry element | Institution of Mechanical Engineers (Great Britain). |
| Subordinate unit | Power Industries Division. |
| 710 2# - ADDED ENTRY--CORPORATE NAME | |
| Corporate name or jurisdiction name as entry element | Institute of Chemical Engineers (Great Britain) |
| 710 2# - ADDED ENTRY--CORPORATE NAME | |
| Corporate name or jurisdiction name as entry element | Society of Petroleum Engineers (U.K.) |
| 830 #0 - SERIES ADDED ENTRY--UNIFORM TITLE | |
| Uniform title | I Mech E conference ; |
| Volume/sequential designation | 1989-1. |
| 907 ## - LOCAL DATA ELEMENT G, LDG (RLIN) | |
| a | .b10067942 |
| b | 17-04-03 |
| c | 17-04-03 |
| 994 ## - | |
| -- | 92 |
| -- | ZNA |
| 942 ## - ADDED ENTRY ELEMENTS (KOHA) | |
| Koha item type | Ordinary Loan Books |
| Call number prefix | TJ930 |
| Date last seen | Total Checkouts | Full call number | Barcode | Cost, replacement price | Price effective from | Koha item type | Lost status | Source of classification or shelving scheme | Damaged status | Not for loan | Collection | Withdrawn status | Home library | Current library | Shelving location | Date acquired | Cost, normal purchase price |
|---|---|---|---|---|---|---|---|---|---|---|---|---|---|---|---|---|---|
| 01/23/2023 | 1 | TJ930 PIP | 92003017348 | 80.00 | 01/23/2023 | BOOKS | LCC | NFIC | MAIN | MAIN | GEN | 01/23/2023 | 80.00 |